Management science: an introduction
Guardat en:
| Autors principals: | , , |
|---|---|
| Format: | Llibre |
| Idioma: | anglès |
| Publicat: |
Santa Bárbara
John Wiley
1979
|
| Matèries: | |
| Etiquetes: |
Afegir etiqueta
Sense etiquetes, Sigues el primer a etiquetar aquest registre!
|
MARC
| LEADER | 00000nam a2200000 a 4500 | ||
|---|---|---|---|
| 001 | UCR9572 | ||
| 003 | CL-VaPUC | ||
| 008 | 980613e19790000US |||||||||||||||||eng|d | ||
| 082 | 0 | 4 | |a 658.4 |b ZUW |2 21 |
| 100 | 0 | |a Zuwaylif, Fadil H |e author |9 412246 | |
| 700 | 0 | |a Baum, Paul |e author |9 412247 | |
| 700 | 0 | |a Smith, Gerald D |e author |9 412248 | |
| 245 | 1 | 0 | |a Management science: an introduction |
| 300 | |a 410 p | ||
| 942 | |c BK | ||
| 945 | |d 19980613 00:00:00 |a cmena | ||
| 260 | |a Santa Bárbara |b John Wiley |c 1979 | ||
| 650 | 0 | |a Administración de empresas |9 260833 | |
| 650 | 0 | |a Investigación operativa |9 259383 | |
| 650 | 0 | |a Modelos matemáticos |9 259437 | |
| 650 | 0 | |a Estadísticas matemáticas |9 335044 | |
| 650 | 0 | |a Teoría de la decisión |9 357122 | |
| 650 | 0 | |a Toma de decisiones |9 257530 | |
| 650 | 0 | |a Programación lineal |9 23 | |
| 650 | 0 | |a Programación dinámica |9 324757 | |
| 650 | 7 | |a SIMULACION |2 CL-VaPUC |9 338579 | |
| 583 | |a last modification |c 19980613 00:00:00 |k Rodrigo Vera | ||
| 999 | |c 270758 |d 270756 | ||
| 952 | |0 0 |1 0 |4 0 |6 658_400000000000000_ZUW_1979 |7 0 |8 P |9 305156 |a BIBGIM |b BIBGIM |d 2019-11-20 |i 1419102 |o 658.4 ZUW 1979 |p 1419102 |r 2025-01-15 |w 2019-11-20 |y BK |k COM | ||